<A> brief outline of english and american literature

Saved in:
Bibliographic Details
Main Author: Vehnerová, Eva
Corporate Author: Vysoká škola ekonomická v Bratislave. Obchodná fakulta
Format: Book
Language:English
Published: Bratislava Vysoká škola ekonomická 1979
Edition:2nd ed.
Tags: Add Tag
No Tags, Be the first to tag this record!

MARC

LEADER 00000nam a2200000 4500
001 0230342
005 20240822101706.4
041 0 |a eng 
044 |a SK 
245 1 0 |a <A> brief outline of english and american literature  |c Eva Vehnerová 
250 |a 2nd ed. 
264 1 |a Bratislava  |b Vysoká škola ekonomická  |c 1979 
300 |a 61 s. 
100 1 |a Vehnerová, Eva 
710 2 |a Vysoká škola ekonomická v Bratislave. Obchodná fakulta